| 000 | 00461nam a2200193Ia 4500 | ||
|---|---|---|---|
| 005 | 20250324045606.0 | ||
| 008 | 240331s9999 xx 000 0 und d | ||
| 020 | _a8185443025 | ||
| 082 |
_a303.4 _bDHA _2928 |
||
| 100 | _aDhawan, N | ||
| 245 | 0 |
_aBrahmanism: _bA Political Concept |
|
| 260 |
_aNew Delhi, _bR. K. Gupta & Co. |
||
| 300 | _a156 p., | ||
| 650 | _aBrahman | ||
| 650 | _aHinduism | ||
| 650 | _aSocio-Politics | ||
| 650 | _aCulture | ||
| 942 | _cL | ||
| 999 |
_c1206 _d1206 |
||